000
00314 a2200109 4500
001
ART_51128
005
20260410161810.0
008
260409a
245
1
0
_a
El hilo de Ariadna
100
1
_a
Truffat, Edgardo Daniel
773
0
_t
Doctrina Societaria y Concursal
_g
- N° 392 (jul. 2020)
_w
REV4298
999
_c
21368
_d
21368